| 000 | 00508nab a2200145Ia 4500 | ||
|---|---|---|---|
| 003 | ES-SlBCS | ||
| 005 | 20210601133736.0 | ||
| 008 | 140529s2002 xxu||||| |||| 00| 0 por d | ||
| 041 | _apor | ||
| 100 | 1 |
_aMenezes Rodrigues, Marilúcia de _9209058 |
|
| 245 | 0 | 2 |
_aA extensâo universitária como um dos parâmetros de avaliaçao da universidade _c Marilúcia de Menezes Rodrigues |
| 650 | 0 | 4 |
_aUniversidad _9100774 |
| 773 | 0 |
_tEducaçao e Filosofia _gvol. 16, nº. 31, 2002, págs. 65-74 _wRev1534 |
|
| 942 | _cAR | ||
| 999 |
_c601395 _d601395 |
||